Corporate Responses to Corruption : Symbolic and Substantive Engagement with SDG 16 in Mexico /

Gespeichert in:
Bibliographische Detailangaben
1. Verfasser: Palomares Aguirre, Itzel (autor)
Format: Abschlussarbeit Buch
Sprache:Englisch
Veröffentlicht: Guadalajara, México : edición de autor, 2025
Schlagworte:
Online-Zugang:Ver documento en línea
Tags: Tag hinzufügen
Keine Tags, Fügen Sie das erste Tag hinzu!

MARC

LEADER 00000nam^a2200000^a^4500
001 000623365
005 20251027000000.0
009 20260310133936.524
037 |a Acervo ITESO - Biblioteca 
041 |a ING 
090 |a EIP. 13 
100 |a Palomares Aguirre, Itzel  |e (autor) 
245 1 0 |a Corporate Responses to Corruption :  |b Symbolic and Substantive Engagement with SDG 16 in Mexico /  |c I. Palomares Aguirre. 
264 1 |a Guadalajara, México :  |b edición de autor,  |c 2025 
300 |a 1 tesis electrónica en línea (41 p.) 
300 |a 1 recurso en línea 
336 |a datos para computadora  |b cod  |2 rdacontenido 
337 |a computadora  |b c  |2 rdamedio 
338 |a recurso en línea  |b cr  |2 rdasoporte 
502 |a ITESO Tesis de Especialidad en Integridad Pública y Estrategias Anticorrupción 
649 |a XX 
650 |a Instituciones -  |x Teoría 
650 |a Auditoría -  |z México 
650 |a Corrupción -  |z México -  |x Tema Principal 
650 |a Mercado de Valores -  |z México -  |x Tema Principal 
650 |a Sistema Financiero -  |z México 
650 |a Transparencia Administrativa -  |z México 
650 |a Desarrollo Sustentable -  |z México 
650 |a Administración Pública -  |z México 
650 |a Derecho -  |z México 
650 |a Política -  |z México 
856 4 0 |u https://hdl.handle.net/11117/11868  |y Ver documento en línea 
910 |a Fondo General 
920 |a Electrónicos - Tesis del ITESO en Línea 
930 |a Repositorio Institucional 
905 |a 201 
901 |a 623365-1  |b IT2  |c ETI  |u 20251027 
902 |a https://opac.biblio.iteso.mx/vufind/Record/000623365